La celda sumergida / (Registro nro. 1632)

000 -CABECERA
campo de control de longitud fija 00829nam a2200253 a 4500
001 - NÚMERO DE CONTROL
campo de control 000028807
005 - FECHA Y HORA DE LA ÚLTIMA TRANSACCIÓN
campo de control 20200120222141.0
008 - DATOS DE LONGITUD FIJA--INFORMACIÓN GENERAL
campo de control de longitud fija 061002s2003 col0 gr0 000 d
020 ## - NÚMERO INTERNACIONAL ESTÁNDAR DEL LIBRO
Número Internacional Estándar del Libro 958-704-072-4
090 ## - LOCALMENTE ASIGNADO TIPO-LC NÚMERO DE CLASIFICACIÓN (OCLC); NÚMERO DE CLASIFICACIÓN LOCAL (RLIN)
Número de clasificación (OCLC) (R) ; Numero de clasificación, CALL (RLIN) (NR) AN
Número cutter local (OCLC) ; Número de libro/Signatura topográfica íntegra, CALL (RLIN) PARc
100 0# - ENTRADA PRINCIPAL--NOMBRE DE PERSONA
Nombre de persona Paredes, Julio
245 13 - MENCIÓN DE TÍTULO
Título La celda sumergida /
Mención de responsabilidad, etc. Julio Paredes.
250 ## - MENCIÓN DE EDICIÓN
Mención de edición 1a. ed.
260 ## - PUBLICACIÓN, DISTRIBUCIÓN, ETC.
Lugar de publicación, distribución, etc. Bogotá :
Nombre del editor, distribuidor, etc. Alfaguara,
Fecha de publicación, distribución, etc. 2003.
300 ## - DESCRIPCIÓN FÍSICA
Extensión 195 p.
500 ## - NOTA GENERAL
Nota general Premio Santillana de Experiencias Educativas 2005. Redescubriendo al Quijote
500 ## - NOTA GENERAL
Nota general Ej.1 de Mosquera donado por la Biblioteca Nacional - PNLB 2012.
650 14 - PUNTO DE ACCESO ADICIONAL DE MATERIA--TÉRMINO DE MATERIA
Término de materia o nombre geográfico como elemento de entrada NOVELA COLOMBIANA
650 14 - PUNTO DE ACCESO ADICIONAL DE MATERIA--TÉRMINO DE MATERIA
Término de materia o nombre geográfico como elemento de entrada NARRATIVA COLOMBIANA
650 14 - PUNTO DE ACCESO ADICIONAL DE MATERIA--TÉRMINO DE MATERIA
Término de materia o nombre geográfico como elemento de entrada LITERATURA COLOMBIANA
650 14 - PUNTO DE ACCESO ADICIONAL DE MATERIA--TÉRMINO DE MATERIA
Término de materia o nombre geográfico como elemento de entrada NOVELA DE MISTERIO
901 ## - ELEMENTOS DE DATOS A LOCAL LDA (RLIN)
a Donación, Santillana 2006, al Colegio Chicalá, Ej. 1
901 ## - ELEMENTOS DE DATOS A LOCAL LDA (RLIN)
a Compra, Santillana, 2006, $37.000.00
Existencias
Estado de retiro Estado de pérdida Fuente del sistema de clasificación o colocación Estado dañado No para préstamo Código de colección Localización permanente Ubicación/localización actual Fecha de adquisición Total de préstamos Signatura topográfica completa Código de barras Fecha visto por última vez Número de copia Precio válido a partir de Tipo de ítem Koha Nota pública
          Literatura Adulto Biblioteca Pública San Juan Bosco Biblioteca Pública San Juan Bosco 20/01/2020   A NPARc MOS001447 20/01/2020 ej.1 20/01/2020 Libro Quince días

© Todos los derechos reservados para la Biblioteca Pública Municipal San Juan Bosco, 2020
Secretaria de Cultura de Mosquera
Carrera 3 N° 10 Esquina Centro Cultural Barrio El Carmén Teléfono: 8270830 Ext: 34
Funcionando con KOHA
Contacto: Biblioteca Pública Municipal San Juan Bosco/ bibliotecasanjuanbosco@mosquera-cundinamarca.gov.co
Mosquera, Cundinamarca